01940nam a2200481 i 450000100060000000300080000600500170001400600190003100700150005000800410006502000180010602000270012403500230015103500240017403500250019803500210022304000310024405000270027508000080030208200160031010000330032624501510035926400640051030000410057433600310061533700330064633800430067950000230072250400290074558801250077459001640089965000370106365000550110065000340115565000540118965000230124365000300126665500270129670000370132379700190136085600620137999900170144140343FlNmELB20241216221855.0m o d | cr cnu||||||||150401s2014 mx ob 001 0 spa d z9786074387711 a9786074389333 (e-book) a(MiAaPQ)EBC3227905 a(Au-PeEL)EBL3227905 a(CaPaEBR)ebr11017469 a(OCoLC)992021361 aFINmELBbspaerdacFINmELB 4aQA76.73.J38bL925 2014 a0040 a005.1332231 aLópez Goytia, José Luis.10aProgramación orientada a objetos C++ y Java :bun acercamiento interdisciplinario /cJosé Luis López Goytia, Ángel Gutiérrez González. 1aMéxico D.F. :bLarousse - Grupo Editorial Patria,c[2014] a1 recurso en línea (298 páginas) atextobtxt2rdacontent/spa acomputadorabc2rdamedia/spa arecurso en líneabcr2rdacarrier/spa aContiene índice. aContiene bibliografía. aDescripción basada en recurso en línea; Título de la página del título en PDF (e-libro, visto April 01, 2015). aRecurso electrónico. Santa Fe, Arg.: e-libro, 2015. Disponible vía World Wide Web. El acceso puede estar limitado para las bibliotecas afiliadas a e-libro. 0aJava (Computer program language) 4aJava (Lenguaje de programación para computadora) 0aC (Computer program language) 4aC++ (Lenguaje de programación para computadora) 0aComputer programs. 4aProgramas de computadora. 4aLibros electrónicos.1 aGutiérrez González, Ángel.2 ae-libro, Corp.40uhttps://elibro.net/ereader/politecnicointernacional/39461 c40343d40343